000 00915nam a2200289 4500
001 0000015947
003 CO-CtgCURN
005 20250331191040.0
007 ta
008 160627s1981 000 0 eng d
040 _aCO-CtgCURN
_bspa
_ccoctgcurn
082 0 _a813
_bH313d
100 1 _aHarris, Marilyn.
245 1 0 _aDiario de una huida /
_cMarilyn Harris , traducción Marta Pérez.
260 _aBogotá :
_bEdiciones Martínez Roca,
_c1981.
300 _a198 p.
336 _2rdacontent
337 _2rdamedia
_asin mediacion
_bn
338 _2rdacarrier
_avolumen
_bnc
500 _aTitulo del original ingles, the runaway s diary.
505 8 _aObra literaria
600 1 0 _aMarilyn Harris
_vEscritora
_zEstados Unidos.
700 1 _aPérez, Marta,
_eTraductor.
908 _a160627
942 _cBK
_h813
_iH313d
_2ddc
999 _c25724
_d25724